| Tag |
First Indicator |
Second Indicator |
Subfields |
| LEADER |
00000cam a2200000 a 4500 |
| 001 |
in00000009269 |
| 005 |
20151007051519.0 |
| 008 |
860821s1987 txu b 00010 eng |
| 010 |
|
|
|a 86072072
|
| 020 |
|
|
|a 0918954444
|
| 035 |
|
|
|a (OCoLC)15581663
|
| 035 |
|
|
|9 AAA3350AM
|
| 040 |
|
|
|a DLC
|c DLC
|d TXA
|d UtOrBLW
|
| 043 |
|
|
|a n-us---
|
| 049 |
|
|
|a TXAM
|c [A11027371]
|
| 050 |
0 |
0 |
|a KF4865.A7
|b M54 1987
|
| 082 |
0 |
|
|a 342.73/0852
|a 347.302852
|2 19
|
| 100 |
1 |
|
|a Miller, Robert T.
|q (Robert Thomas),
|d 1920-1996.
|
| 245 |
1 |
0 |
|a Toward benevolent neutrality :
|b church, state and the Supreme Court /
|c by Robert T. Miller and Ronald B. Flowers.
|
| 250 |
|
|
|a 3rd ed.
|
| 264 |
|
1 |
|a Waco, Tex. :
|b Markham Press Fund,
|c [1987]
|
| 264 |
|
4 |
|c ©1987
|
| 300 |
|
|
|a vii, 612 pages ;
|c 29 cm.
|
| 336 |
|
|
|a text
|b txt
|2 rdacontent
|
| 337 |
|
|
|a unmediated
|b n
|2 rdamedia
|
| 338 |
|
|
|a volume
|b nc
|2 rdacarrier
|
| 504 |
|
|
|a Bibliography: pages [589]-597.
|
| 650 |
|
0 |
|a Freedom of religion
|z United States
|v Cases.
|
| 700 |
1 |
|
|a Flowers, Ronald B.
|q (Ronald Bruce),
|d 1935-
|
| 999 |
|
|
|a MARS
|
| 999 |
f |
f |
|s 4c63111a-019c-3600-85f8-ee37202a7c81
|i 87202221-2582-300b-8b95-6e675fb34f9c
|t 0
|
| 952 |
f |
f |
|p ric
|a Texas A&M University
|b Rellis Campus
|c Joint Library Facility
|d Remote Storage
|t 0
|e KF4865.A7 M54 1987
|h Library of Congress classification
|i unmediated -- volume
|m A14811027371
|
| 998 |
f |
f |
|a KF4865.A7 M54 1987
|t 0
|l Remote Storage
|